Central Library OPAC University of Rajshahi

The invasion from Mars : (Record no. 32983)

MARC details
000 -LEADER
fixed length control field 01190nam a22003251a 4500
001 - CONTROL NUMBER
control field 32983
003 - CONTROL NUMBER IDENTIFIER
rucl marc code BD-RjUL
005 - DATE AND TIME OF LATEST TRANSACTION
control field 20211209051928.0
008 - FIXED-LENGTH DATA ELEMENTS--GENERAL INFORMATION
fixed length control field 140429r19401952njua 000 0 eng d
035 ## - SYSTEM CONTROL NUMBER
System control number (BD-RjUL)33073
040 ## - CATALOGING SOURCE
Original cataloging agency ANL
Language of cataloging eng
Transcribing agency ANL
Modifying agency BD-RjUL
041 ## - LANGUAGE CODE
Language code of text/sound track or separate title eng
082 04 - DEWEY DECIMAL CLASSIFICATION NUMBER
Classification number 791.447
Author mark and year CAI 1952
100 1# - MAIN ENTRY--PERSONAL NAME
Personal name Cantril, Hadley,
Dates associated with a name 1906-1969.
9 (RLIN) 94887
245 14 - TITLE STATEMENT
Title The invasion from Mars :
Remainder of title a study in the pscyhology of panic, with the complete script of the famous Orson Welles broadcast /
Statement of responsibility, etc. by Hadley Cantril, with the assistance of Hazel Gaudet & Herta Herzog.
260 ## - PUBLICATION, DISTRIBUTION, ETC. (IMPRINT)
Place of publication, distribution, etc. Princeton, N.J. :
Name of publisher, distributor, etc. Princeton Univ. Press,
Date of publication, distribution, etc. 1940 [Reprinted 1952.]
300 ## - PHYSICAL DESCRIPTION
Pagination xv,228 p. ;
Size 21 cm.
505 ## - FORMATTED CONTENTS NOTE
Formatted contents note Includes Index
600 10 - SUBJECT ADDED ENTRY--PERSONAL NAME
Personal name Welles, Orson,
Dates associated with a name 1915-1985.
650 #0 - SUBJECT ADDED ENTRY--TOPICAL TERM
Topical term or geographic name as entry element Radio broadcasting.
9 (RLIN) 50427
Topical term or geographic name as entry element Fear.
9 (RLIN) 100241
Topical term or geographic name as entry element Panic.
9 (RLIN) 100242
Topical term or geographic name as entry element Radio programs
General subdivision Psychological aspects.
9 (RLIN) 100243
700 1# - ADDED ENTRY--PERSONAL NAME
Personal name Herzog, Herta.
Personal name Koch, Howard.
Personal name Gaudet, Hazel.
Personal name Wells, H. G.
Fuller form of name (Herbert George),
Dates associated with a name 1866-1946.
942 ## - ADDED ENTRY ELEMENTS (KOHA)
Source of classification or shelving scheme Dewey Decimal Classification
Koha item type Books
Holdings
Lost status Source of classification or shelving scheme Damaged status Not for loan Collection code Permanent Location Current Location Shelving location Date acquired Source of acquisition Cost, normal purchase price Total Checkouts Full call number Date last seen Copy number Koha item type
  Dewey Decimal Classification   Not For Loan Non-fiction Central Library, University of Rajshahi Central Library, University of Rajshahi Reading Room 10/08/1955 O. U. P 14.00   791.447 CAI 1952 29/04/2014 C-1 Books